Plus grandes villes des pays commençant par G - Statistiques

Statistiques générales
  • Ce quiz a été pris 36 fois
  • Le résultat moyen est 7 sur 20
Statistiques - réponses
Nombre d'habitants Ville % Correct
3 800 000 habitants Guatemala
72%
5 100 000 habitants Accra
69%
3 900 000 habitants Athènes
69%
2 330 000 habitants Conakry
69%
520 000 habitants Bissau
66%
720 000 habitants Libreville
56%
1 500 000 habitants Tbilissi
47%
1 050 000 habitants Thessalonique
41%
430 000 habitants Banjul
34%
460 000 habitants Le Pirée
28%
310 000 habitants Malabo
28%
3 360 000 habitants Kumasi
22%
330 000 habitants Patras
19%
510 000 habitants Quetzaltenango
9%
700 000 habitants Mixco
6%
470 000 habitants Sékondi
6%
370 000 habitants Serrekunda
6%
980 000 habitants Tamale
6%
710 000 habitants Villa Nueva
6%
320 000 habitants Ashaiman
3%
Aucun quiz correspondant
Distribution des résultats
% des personnes avec chaque résultat
Percentile par nombre de réponses
Votre historique - résultats
Vous n’avez pas pris ce quiz